| 000 | 00761nam a2200253 i 4500 | ||
|---|---|---|---|
| 001 | bg | ||
| 100 | 1 | _aGRAJDEK, Ryszard | |
| 245 | 1 | 0 |
_aProjektowanie obrabiarek : _bnapęd główny obrabiarek ogólnego przeznaczenia / _cRyszard Grajdek. |
| 260 |
_aPoznań : _bWydaw. Politechniki Poznańskiej, _c1997. |
||
| 300 |
_a91 s. : _brys., wykr. ; _c24 cm. |
||
| 504 | _aBibliogr. s. 90-91. | ||
| 650 | 9 |
_aObrabiarki _xprojekty |
|
| 650 | 9 | _aNapęd | |
| 650 | 9 |
_aKoła zębate _xprojekty |
|
| 650 | 9 |
_aPrzekładnie _xprojekty |
|
| 655 | _aPodręczniki akademickie | ||
| 020 | _a8371431317 | ||
| 040 | _cBPK | ||
| 041 | 0 | _apl | |
| 080 | _a621.9.06:621.82/.85](075.8) | ||
| 920 | _a83-7143-131-7 | ||
| 942 | _cKS | ||
| 008 | s pl f |000 0 pol | ||
| 999 |
_c32606 _d32606 |
||
| 856 |
_uhttp://koha.tu.koszalin.pl/cgi-bin/koha/opac-detail.pl?biblionumber=32606 _yKatalog online BPK |
||